[Event "Wch U18 Girls"]
[Site "Montesilvano"]
[Date "2023.11.17"]
[Round "5"]
[White "Larsson, Susanne Wiggen"]
[Black "Zubova, Darja"]
[Result "0-1"]
[WhiteElo "1159"]
[BlackElo "1582"]
[PlyCount "76"]
[EventDate "2023.11.13"]
[EventType "swiss"]
[EventRounds "11"]
[EventCountry "ITA"]
[SourceTitle "CB48_2023"]
[SourceDate "2023.11.29"]
[SourceVersion "1"]
[SourceVersionDate "2023.11.29"]
[SourceQuality "1"]

1. Nf3 d5 2. g3 Bg4 3. Bg2 c6 4. 0-0 Nd7 5. d4 Ngf6 6. Nbd2 e6 7. c4 Be7 8. Re1 h5 9. h4 Qc7 10. Qc2 Bf5 11. Qc3 dxc4 12. e4 Bg6 13. Qxc4 Nb6 14. Qb3 Ng4 15. e5 Nd5 16. a3 0-0-0 17. Ne4 f6 18. Nc3 Bf5 19. Bd2 Nxc3 20. Bxc3 fxe5 21. Nxe5 Nxe5 22. Rxe5 Bf6 23. Rc5 Bxd4 24. Bxd4 Rxd4 25. Rac1 Rd6 26. Qa4 Kb8 27. b4 Rd4 28. Bxc6 bxc6 29. Rxc6 Qd7 30. Qb5+ Ka8 31. Kh2 Be4 32. Qa6 Bxc6 33. Rxc6 Rd8 34. b5 Rd6 35. Rxd6 Qxd6 36. Qa5 Qd2 37. Qc7 Qxf2+ 38. Kh3 Qf1+ 0-1

[Event "Wch U18 Girls"]
[Site "Montesilvano"]
[Date "2023.11.13"]
[Round "1"]
[White "Trifoi, Mihaela Ioana"]
[Black "Zubova, Darja"]
[Result "1-0"]
[WhiteElo "2021"]
[BlackElo "1582"]
[PlyCount "87"]
[EventDate "2023.11.13"]
[EventType "swiss"]
[EventRounds "11"]
[EventCountry "ITA"]
[SourceTitle "CB48_2023"]
[SourceDate "2023.11.29"]
[SourceVersion "1"]
[SourceVersionDate "2023.11.29"]
[SourceQuality "1"]

1. e4 c6 2. d4 d5 3. exd5 cxd5 4. Bd3 Nc6 5. c3 Qc7 6. h3 g6 7. Nf3 Bf5 8. Bxf5 gxf5 9. 0-0 e6 10. Re1 Nf6 11. c4 0-0-0 12. Bg5 Be7 13. Na3 a6 14. Rc1 Ne4 15. Bxe7 Qxe7 16. cxd5 Rxd5 17. Ne5 Rxe5 18. dxe5 Kb8 19. Nc4 Qh4 20. Qe2 Rg8 21. Qe3 Nb4 22. Nd6 Nd3 23. Nxe4 fxe4 24. Kf1 Nxc1 25. Qxc1 Rc8 26. Qd2 e3 27. Qxe3 Qc4+ 28. Kg1 Qxa2 29. Qe4 Qxb2 30. Qxh7 Qd2 31. Qe4 Rc4 32. Qe3 Qd5 33. g3 a5 34. h4 a4 35. h5 Rc8 36. h6 Qb3 37. Qe4 a3 38. h7 Qd5 39. Qf4 Qd3 40. Qxf7 Rh8 41. Qg8+ Rxg8 42. hxg8Q+ Ka7 43. Qxe6 Qc3 44. Rb1 1-0

[Event "EU-ch U16 Girls 30th"]
[Site "Antalya"]
[Date "2022.11.06"]
[Round "1"]
[White "Zubova, Darja"]
[Black "Mustu, Hatice Asli"]
[Result "0-1"]
[WhiteElo "1501"]
[BlackElo "1876"]
[PlyCount "50"]
[EventDate "2022.11.06"]
[EventType "swiss"]
[EventRounds "9"]
[EventCountry "TUR"]
[SourceTitle "EXT 2024"]
[Source "ChessBase"]
[SourceDate "2023.10.10"]
[SourceVersion "1"]
[SourceVersionDate "2023.10.10"]
[SourceQuality "1"]

1. e4 c5 2. Nf3 e6 3. c3 Nf6 4. e5 Nd5 5. g3 d6 6. exd6 Bxd6 7. Bg2 Nc6 8. 0-0 0-0 9. d4 Qc7 10. dxc5 Bxc5 11. b4 Be7 12. Qe2 Bf6 13. Bb2 Bd7 14. Qc2 Rac8 15. Nbd2 g6 16. Ne4 Bg7 17. a3 Ne5 18. Nc5 Nxf3+ 19. Bxf3 Bc6 20. c4 Nf6 21. Ra2 Rfe8 22. Bxf6 Bxf6 23. Ne4 Be5 24. b5 Bxb5 25. cxb5 Qxc2 0-1

[Event "LAT-ch (Women)"]
[Site "Riga"]
[Date "2019.04.30"]
[Round "2"]
[White "Ter Avetisjana, Agnesa Stepania"]
[Black "Zubova, Darja"]
[Result "1-0"]
[WhiteElo "1526"]
[BlackElo "1220"]
[PlyCount "83"]
[EventDate "2019.04.29"]
[EventType "swiss"]
[EventRounds "7"]
[EventCountry "LAT"]
[SourceTitle "CBM 190 Extra"]
[Source "ChessBase"]
[SourceDate "2019.07.15"]
[SourceVersion "1"]
[SourceVersionDate "2019.07.15"]
[SourceQuality "1"]

1. e4 e5 2. Nf3 Nc6 3. Bb5 a6 4. Ba4 Nf6 5. 0-0 d6 6. d3 Be7 7. h3 b5 8. Bb3 Na5 9. Nc3 Nxb3 10. axb3 0-0 11. Re1 Nd7 12. Nxb5 f5 13. Nc3 Nf6 14. Ne2 fxe4 15. dxe4 Be6 16. Ng3 Nd7 17. Be3 Rf7 18. Qe2 a5 19. Bd2 c6 20. Rf1 Nf8 21. Kh2 Ng6 22. Qe1 Nf4 23. Ng1 Rf6 24. Rxa5 Rxa5 25. Bxa5 Qd7 26. N1e2 Rh6 27. Nxf4 exf4 28. Nf5 Bxf5 29. exf5 Bf8 30. Qe4 d5 31. Qd3 Rf6 32. g4 Bd6 33. f3 h5 34. Kg2 hxg4 35. fxg4 Qf7 36. Bc3 Rh6 37. Bd2 g5 38. fxg6 Rxg6 39. Rf3 Be5 40. Bc3 Bd6 41. Qd4 Re6 42. Qh8# 1-0